LDR 01540naa#a2200289#i#450# 001 RU\\bibl\124934 005 20260605121905.5 011 ## _a1019-8946 100 ## _a20260603b2026####ek#y0rusy0150####ca 101 0# _aRUS 102 ## _aRU 200 1# _aЭффективность комплексов и нанокомпозитов на основе полиэтиленимина в отношении промышленных изолятов плесневых грибов _eЖурнальная статья 210 1# _aКемерово _cКемеровский государственный университет _d2026 215 ## _a8 с. 608 ## _aЖурнальная статья _2local 675 ## _aСельское хозяйство. Лесное хозяйство. Охота. Рыбное хозяйство. 63 _zRUS 700 #1 _aЮшина _gЮлия Константиновна 700 #1 _aМахова _gАнжелика Александровна 700 #1 _aЗайко _gЕлена Викторовна 700 #1 _aГрудистова _gМария Александровна 700 #1 _aБатаева _gДагмара Султановна 700 #1 _aСеменова _gАнастасия Артуровна 700 #1 _aРогов _gГригорий Новомирович 700 #1 _aЯрославов _gАлександр Анатольевич 700 #1 _aЗезин _gАлексей Александрович 700 #1 _aКлимов _gДмитрий Игоревич 856 4# _amoloprom.kemsu.ru _u